000 00592nam a2200193Ia 4500
003 GCL
008 140319s9999 xx 000 0 ara d
040 _aGCL /
_cGCL
082 0 4 _a423.1
_bم د
100 1 _aمحمد عبدالرازق مناع
245 1 0 _aالدليل معجم انجليزى عربى /
_cمحمد عبدالرازق مناع
260 _a[S.N] :
_bمركز الكتاب للنشر ،
_c1991
300 _a1507 ص
490 _a
650 0 4 _aاللغة العربية
650 0 4 _aالمعاجم
650 0 4 _aاللغة الانجليزية
942 _2ddc
_cBK
999 _c44200
_d44200